| 000 | 00604nam a2200241Ia 4500 | ||
|---|---|---|---|
| 005 | 20260429112105.0 | ||
| 008 | 260429s9999||||xx |||||||||||||| ||und|| | ||
| 020 | _a9781032530178 | ||
| 041 | _aEnglish | ||
| 082 |
_a551.6 _bBAK |
||
| 100 | _aBaker, Zeke | ||
| 245 | 0 |
_aClimate, science and society : _ba primer / _cZeke Baker |
|
| 250 | _a1st ed. | ||
| 260 |
_aLondon : _bRoutledge, _c2024. |
||
| 300 | _axxiii, 317 p.; pbk | ||
| 650 | _a Science | ||
| 650 | _a Society | ||
| 650 | _aClimate | ||
| 700 | _a Law, Tamar | ||
| 700 | _a Vardy, Mark | ||
| 700 | _a Zehr, Stephen | ||
| 942 | _cTB | ||
| 999 |
_c52296 _d52296 |
||